000 00620nam a2200241 a 4500
999 _c8852
_d8852
001 8852
003 BD-JhCC
005 20180305092428.0
008 180305s1950 n a|||| || | 001 0 eng d
035 _a(BD-JhCC)8852
040 _aBD-JhCC
_dBD-JhCC
041 _aeng
082 _a540
_bBRA 1950
100 _aBray, William C.
245 _aA Course in General Chemistry /
_cWilliam C. Bray,
260 _aNew York :
_bThe Macmillan Company,
_c1950
300 _a217 p. :
_c22 cm.
650 _aChemistry
700 _aLatimer, Wendell M.
700 _aPowwll, Richard E.
942 _2ddc
_cBK